<?xml version="1.0" encoding="UTF-8"?>
<collection xmlns="http://www.loc.gov/MARC21/slim">
 <record>
  <leader>01114nam a2200157Ia 4500</leader>
  <controlfield tag="001">UIH_08219</controlfield>
  <controlfield tag="008">241002s9999    xx            000 0 und d</controlfield>
  <datafield tag="082" ind1=" " ind2=" ">
   <subfield code="a"> 657.83</subfield>
  </datafield>
  <datafield tag="100" ind1=" " ind2=" ">
   <subfield code="a"> Kế toán ngân hàng : Đã cập nhật theo Thông tư 272021TT-NHNN ngày 31122021, có hiệu lực ngày 01042022 về Hệ thống tài khoản kế toán và Chế độ báo cáo tài chính áp dụng đối với các tổ chức tín dụng</subfield>
  </datafield>
  <datafield tag="100" ind1=" " ind2=" ">
   <subfield code="a"> Nguyễn, Thị Thu Hoàn</subfield>
  </datafield>
  <datafield tag="245" ind1=" " ind2="0">
   <subfield code="a"> Kế toán ngân hàng : Đã cập nhật theo Thông tư 272021TT-NHNN ngày 31122021, có hiệu lực ngày 01042022 về Hệ thống tài khoản kế toán và Chế độ báo cáo tài chính áp dụng đối với các tổ chức tín dụng</subfield>
  </datafield>
  <datafield tag="260" ind1=" " ind2=" ">
   <subfield code="b"> Đại học Công nghiệp TP. Hồ Chí Minh</subfield>
  </datafield>
  <datafield tag="260" ind1=" " ind2=" ">
   <subfield code="c"> 2024</subfield>
  </datafield>
  <datafield tag="650" ind1=" " ind2=" ">
   <subfield code="a">Kế toán ngân hàng; Báo cáo tài chính</subfield>
  </datafield>
  <datafield tag="927" ind1=" " ind2=" ">
   <subfield code="a">Sách</subfield>
  </datafield>
  <datafield tag="980" ind1=" " ind2=" ">
   <subfield code="a">Trung tâm Thư viện - Trường Đại học Công nghiệp TP. Hồ Chí Minh</subfield>
  </datafield>
 </record>
</collection>
